Mustafa Kemal Paşa Samsun'da (Record no. 8473)

MARC details
000 -BAŞLIK
Sabit Uzunlukta Kontrol Alanı 00724na a2200241 4500
001 - KONTROL NUMARASI
Denetim Alanı 14601
003 - KONTROL NUMARASI IDENTIFIER
Denetim Alanı MIRAKIL
005 - SON İŞLEM TARİHİ VE ZAMANI
Denetim Alanı 20181213155214.0
008 - SABİT-BOY VERİ ELEMANLARI - GENEL BİLGİLER
Sabit Uzunlukta Kontrol Alanı 160829b tu 000 0
035 ## - SİSTEM KONTROL NUMARASI
Sistem Kontrol Numarası 14601
040 ## - KATALOGLAMA KAYNAK
Orijinal Kataloglama Ajansı Milas
Kataloglama Dili tur
Metne Dönüştürmek Ajansı TR-AnCHP
082 ## - DEWEY ONLU SINIFLANDIRMA NUMARASI
Sınıflandırma Numarası ATA 956.1023
Ürün Numarası A12m 1955
090 ## - SINIFLAMA NUMARASI
Sınıflama Numarası ATA 956.1023 A12m 1955
100 ## - ANA GİRİŞ - KİŞİSEL İSİM
Kişisel Ad Abalıoğlu, Yunus Nadi
245 ## - BAŞLIK TABLOSU
Başlık Mustafa Kemal Paşa Samsun'da
Sorumluluk Tablosu, Vb Yunus Nadi Abalıoğlu
260 ## - YAYIN, DAĞITIM, VB
Yayın, Dağıtım, Vb Yeri İstanbul
Yayıncı, Dağıtıcı, Vs Adı Sel Yayınları
Yayın, Dağıtım, Vb Tarihi 1955
300 ## - FİZİKSEL TANIM
Kapsam 106 s.
Boyutlar 16 sm.
490 ## - SERİSİ TABLOSU
Seri Beyanı Atatürk Kütüphanesi
Hacim / Ardışık Tanımı 7
600 ## - KONU KATMA GİRİŞ - KURUMSAL ADI
Kişisel Ad Atatürk, Mustafa Kemal
Bir Adıyla İlişkilendirilen Tarihler 1881-1938
Genel Alt Bölümü Anılar
600 ## - KONU KATMA GİRİŞ - KURUMSAL ADI
Kişisel Ad Abalıoğlu, Yunus Nadi
Bir Adıyla İlişkilendirilen Tarihler 1879-1945
Genel Alt Bölümü Anılar
650 ## - KONU KATMA GİRİŞ - TOPİKAL DÖNEM
Topikal Süreli Veya Coğrafi Ad Giriş Elemanı Siyaset ve yönetim
942 ## - EKLENDİ GİRİŞ ELEMANLARI (KOHA)
Sınıflandırma Veya Raf Düzeni Kaynak
Koha Öğesi Türü Books
999 ## - SİSTEM KONTROL NUMARALARI (KOHA)
Koha Biblionumber 8473
Koha Biblioitemnumber 8473
Holdings
Kalıcı Konum Mevcut Konum Edinme Tarihi Edinim Kaynak Toplam Check-Out'Lar Tam Çağrı Numarası Barkod Tarih Son Görülme İtibaren Geçerli Fiyatlar Koha Öğesi Türü
CHP Kütüphanesi CHP Kütüphanesi 08/29/2016 Bağış   ATA 956.1023 A12m 1955 002624 08/29/2016 08/29/2016 Books